STRATEGIC MANAGEMENT CONCEPTS (Record no. 217067)

MARC details
000 -LEADER
fixed length control field 00528nam a22001937a 4500
008 - FIXED-LENGTH DATA ELEMENTS--GENERAL INFORMATION
fixed length control field 260429b |||||||| |||| 00| 0 eng d
020 ## - INTERNATIONAL STANDARD BOOK NUMBER
International Standard Book Number 978-1-292-16497-7
050 ## - LIBRARY OF CONGRESS CALL NUMBER
Classification number HD 30.28.D38 2017
100 ## - MAIN ENTRY--PERSONAL NAME
Personal name DAVID FRED R.
245 ## - TITLE STATEMENT
Title STRATEGIC MANAGEMENT CONCEPTS
250 ## - EDITION STATEMENT
Edition statement 7th
260 ## - PUBLICATION, DISTRIBUTION, ETC.
Place of publication, distribution, etc. NEWYORK
Name of publisher, distributor, etc. PEARSON PUBLISHERS
Date of publication, distribution, etc. 2017
300 ## - PHYSICAL DESCRIPTION
Extent X,420
500 ## - GENERAL NOTE
General note INCLUDES APPENDIX,GLOSARY AND SUBJECT INDEX
650 ## - SUBJECT ADDED ENTRY
Topical term or geographic name entry element Strategic management
700 ## - ADDED ENTRY--PERSONAL NAME
Personal name DAVID FOREST R,
942 ## - ADDED ENTRY ELEMENTS (KOHA)
Source of classification or shelving scheme Library of Congress Classification
Koha item type Long Loan Book
Holdings
Withdrawn status Lost status Source of classification or shelving scheme Damaged status Not for loan Collection Home library Current library Shelving location Date acquired Inventory number Total checkouts Full call number Barcode Date last seen Copy number Price effective from Koha item type
    Library of Congress Classification     Business & Economics Kisii University Library Kisii University Library On Display 04/29/2026 113281   HD 30.28.D38 2017 A001321 04/29/2026 C.1 04/29/2026 Long Loan Book
    Library of Congress Classification     Business & Economics Kisii University Library Kisii University Library On Display 04/29/2026 113282   HD 30.28.D38 2017 A001336 04/29/2026 C.2 04/29/2026 Long Loan Book